| 000 | 00717cam a22002533 4500 | ||
|---|---|---|---|
| 001 | 73485 | ||
| 005 | 20230411085849.0 | ||
| 008 | 100116s2009 mx 000 0 spa d | ||
| 040 | _aDRFGD | ||
| 020 | _a9786071600202 | ||
| 020 | _a6071600200 | ||
| 049 | _aGRAL | ||
| 050 | 1 | 4 |
_aR ML100 _bD545 2009 |
| 245 | 0 | 0 |
_aDiccionario enciclopédico de la música / _cAlison Latham, coordinadora |
| 260 |
_aMéxico : _bFondo de Cultura Económica, _c2009. |
||
| 300 | _a1685p. | ||
| 650 | 0 |
_aMusic _xDictionaries _xSpanish. |
|
| 700 | 1 | _aLatham, Alison | |
| 938 |
_aBaker and Taylor _bBTCP _nBK0008733202 |
||
| 938 |
_aYBP Library Services _bYANK _n3150929 |
||
| 942 |
_2lcc _cbk |
||
| 994 |
_aC0 _bDRFGD |
||
| 946 | _aMP | ||
| 999 |
_c108503 _d108503 |
||